| 000 | 01151nam a2200325 a 4500 | ||
|---|---|---|---|
| 001 | 000109091 | ||
| 003 | CHAP | ||
| 005 | 20220329144037.0 | ||
| 008 | 140402s2012 mx a |r| |||||||spa d | ||
| 010 | _a105553 | ||
| 011 | _a106525 | ||
| 040 | _cCHAP | ||
| 090 | _aFolleto 18408 | ||
| 110 | 2 |
_aMéxico. Secretaría de Agricultura, Ganadería, Desarrollo Rural, Pesca y Alimentación _977148 |
|
| 245 | 1 | 0 |
_aAlmacenamiento agricola en mexico / _cpor Secretaría de Agricultura, Ganadería, Desarrollo Rural, Pesca y Alimentación. |
| 260 |
_aMéxico, D.F. : _bSAGARPA, _c2012. |
||
| 300 |
_a41 p. : _bil., gráfs. |
||
| 590 |
_aE11695DGD _b10 _c20140613 _lUCH01 _h1257 |
||
| 590 |
_aE5995AHE _b05 _c20140402 _lUCH01 _h1254 |
||
| 590 |
_aE5995AHE _b05 _c20140402 _lUCH01 _h1259 |
||
| 590 |
_aE5995AHE _b05 _c20140402 _lUCH01 _h1259 |
||
| 590 |
_aE5995AHE _b05 _c20140402 _lUCH01 _h1303 |
||
| 650 | 4 |
_aAlimentos _xAbastecimiento _xMéxico. _94132 |
|
| 650 | 4 |
_aCereales _xAlmacenamiento _xMéxico. _921377 |
|
| 650 | 4 |
_aProductos agrícolas _xTransporte. _992035 |
|
| 650 | 4 |
_aSeguridad alimentaria. _9103673 |
|
| 901 | _aBK | ||
| 942 | _cFOLL | ||
| 942 | _n0 | ||
| 999 |
_c105553 _d105553 |
||